Sangre de mi sangre (Record no. 15259)

MARC details
000 -LEADER
campo de control de longitud fija 00691nam a2200241 i 4500
001 - NÚMERO DE CONTROL
campo de control 15259
003 - IDENTIFICADOR DE NÚMERO DE CONTROL
campo de control ES-MaACL
005 - FECHA Y HORA DE LA ÚLTIMA TRANSACCIÓN
campo de control 20250827063202.0
007 - CAMPO FIJO DE DESCRIPCIÓN FÍSICA--INFORMACIÓN GENERAL
campo de control de longitud fija t|
008 - DATOS DE LONGITUD FIJA--INFORMACIÓN GENERAL
campo de control de longitud fija 000210s1998 sp ||||1| spa d
020 ## - NÚMERO INTERNACIONAL ESTÁNDAR DEL LIBRO
Número Internacional Estándar del Libro 84-7880-960-0
080 ## - NÚMERO DE LA CLASIFICACIÓN DECIMAL UNIVERSAL
Número de la Clasificación Decimal Universal 173.5/7
100 1# - ENTRADA PRINCIPAL--NOMBRE DE PERSONA
Nombre de persona Regàs, Rosa,
Fechas asociadas al nombre 1933-2024
9 (RLIN) 242068
245 10 - MENCIÓN DEL TÍTULO
Título Sangre de mi sangre
Resto del título : la aventura de los hijos /
Mención de responsabilidad, etc. Rosa Regáas.
250 ## - MENCION DE EDICION
Mención de edición 1ª ed.
260 ## - PUBLICACIÓN, DISTRIBUCIÓN, ETC.
Lugar de publicación, distribución, etc. Madrid :
Nombre del editor, distribuidor, etc. Temas de Hoy,
Fecha de publicación, distribución, etc. 1998.
300 ## - DESCRIPCIÓN FÍSICA
Extensión 205 p. :
Otras características físicas 21 cm.
490 1# - MENCIÓN DE SERIE
Mención de serie Tiempo de encuentro
650 14 - PUNTO DE ACCESO ADICIONAL DE MATERIA--TÉRMINO DE MATERIA
Término de materia o nombre geográfico como elemento de entrada Padres e hijos.
9 (RLIN) 15785
830 0# - PUNTO DE ACCESO ADICIONAL DE SERIE-TÍTULO UNIFORME
Título uniforme Tiempo de encuentro
9 (RLIN) 179880
852 ## - LOCALIZACIÓN
Ubicación ES-MaACL
Número de control de estantería L-22663
Sublocalización o colección R.127847
Holdings
Estatus retirado Estado de pérdida Estado de daño No para préstamo Biblioteca de origen Biblioteca actual Ubicación en estantería Fecha de adquisición Fuente de adquisición Total de préstamos Signatura topográfica completa Código de barras Visto por última vez Precio de reemplazo Tipo de ítem Koha
        Biblioteca del Ateneo de Madrid Biblioteca del Ateneo de Madrid Depósito 2 17/01/2008     L-22663 1015516 23/02/2023 23/02/2023 Libro impreso